000 01311nam a2200349 a 4500
001 000008203
003 DO-SdBNP
005 20240220123330.0
008 090915s2006 dr a 001 0 spa d
020 _a9945020048
040 _aDO-SdBNP
_bspa
_cBPMSU
082 _aPR868.2
_bA594o 2006
_222
100 1 _aAngulo Guridi, Alejandro,
_d1823-1906
245 1 0 _aObras escogidas /
_cAlejandro Angulo Guridi ; editor Andrés Blanco Díaz.
260 _aSanto Domingo :
_bArchivo General de la Nación,
_c2006.
300 _a3 v. ;
_c23 cm.
490 0 _aArchivo General de la Nación,
_v22-24
500 _aIncluye índice onomástico
504 _aIncluye referencias bibliográficas y notas al pie de las páginas
505 1 _av. 1. Artículos.-- v.2 Ensayos.--v. 3. Epistolario
590 _a Inventariado, 2022/VM
600 1 4 _aAngulo Guridi, Alejandro,
_d1823-1906
_vcolecciones de escritos
_3
650 4 _aEnsayos puertorriqueños
650 4 _aLiteratura puertorriqueña
651 4 _aRepública Dominicana
_y1844-1864
_xHistoria
651 4 _aAmérica Latina
_xPolítica y gobierno
_y1830-1948
700 1 _aBlanco Díaz, Andrés
_eed.
700 z _a Blanco D., Andrés
_q (Blanco Díaz)
700 z _aDíaz, Andrés Blanco
910 _aVMateo V.Control de calidad. BPMSU
942 _2ddc
_cBK
999 _c7923
_d7923